Normal view
MARC view
- Jay Robert Nash
Entry Personal Name
001 - CONTROL NUMBER
- control field: 4713
003 - CONTROL NUMBER IDENTIFIER
- control field: OSt
005 - DATE AND TIME OF LATEST TRANSACTION
- control field: 20170515161844.0
008 - FIXED-LENGTH DATA ELEMENTS
- fixed length control field: 170515|| aca||aabn | a|a d
040 ## - CATALOGING SOURCE
- Original cataloging agency: OSt
- Transcribing agency: OSt
100 ## - HEADING--PERSONAL NAME
- Personal name: Jay Robert Nash
670 ## - SOURCE DATA FOUND
- Source citation: Work cat.: (OSt): Jay Robert Nash, Open File

PORTAL AKMAL
E-MEL JKDM
AKMAL2U
G-BAM
u-PUSTAKA